000
00259nam a2200097Ia 4500
008
190216s9999||||xx |||||||||||||| ||und||
100
_a
Kerala Sastra Sahithya Parishad
245
0
_a
Malayalam-Nammude Kunjungal
260
_b
Kerala Bhasha Institute
942
_c
BK
999
_c
25200
_d
25200